000 00624nam a22001577a 4500
003 OSt
005 20151024150557.0
008 151024b xxu||||| |||| 00| 0 eng d
040 _cRUA
082 _aAVM UM 2013 B106 Or.1
100 _92807
_aUM, SOKNY.
245 _astudy on fasciola in cattle at slcghterhouse in phnom penh and kandal province (សិក្សាអំពីជំងឺ fasciola លើគោនៅទីសត្តឃាដរាជធានីភ្នំពេញ និង ខេត្តកណ្តាល)
260 _aPhnom Penh
_bRUA
_c2013
300 _axi, 47p.
_bill.
_c29cm.
942 _2ddc
_cAVM
999 _c2626
_d2626